EA FC24 Premier League TOTS - Statistics

General Stats
  • This quiz has been taken 304 times
  • The average score is 20 of 24
Answer Stats
Club Position Rating Answer % Correct
Man City ST 97 Erling Haaland
99%
Liverpool RW 95 Mohamed Salah
99%
Man City CDM 96 Rodri
99%
Liverpool CB 97 Virgil Van Dijk
99%
Arsenal RW 95 Bukayo Saka
98%
Tottenham ST 94 Heung-Min Son
95%
Chelsea RM 94 Cole Palmer
94%
Aston Villa ST 93 Ollie Watkins
92%
Liverpool GK 94 Alisson
91%
Arsenal CB 94 William Saliba
91%
Arsenal CM 96 Declan Rice
90%
Man City* CAM* 96* Kevin De Bruyne
89%
Arsenal CB 91 Gabriel
85%
Man City CAM 94 Phil Foden
85%
Arsenal RB 91 Ben White
83%
Liverpool* LW* 94* Luis Diaz
80%
Liverpool CM 92 Alexis Mac Allister
78%
Man City CF 92 Julian Alvarez
74%
Liverpool CB 92 Ibrahima Konate
73%
Man United* LW* 92* Alejandro Garnacho
72%
Chelsea* CF* 92* Christopher Nkunku
68%
Liverpool* CF* 92* Cody Gakpo
57%
Brighton* LB* 90* Pervis Estupinan
55%
Aston Villa CM 91 Douglas Luiz
43%
No matching quizzes found
Score Distribution
Percent of People with Each Score
Percentile by Number Answered
Your Score History
You have not taken this quiz